000
00247nam a2200085Ia 4500
245
0
_a
Clinical gynaecology
100
_a
Kruger, T.F. Claremont [South Africa], 2011 4th ed
_9
57298
942
_c
BK
008
210817s9999 xx 000 0 und d
999
_c
329671
_d
329670